000 00629nam a2200217Ii 4500
003 JO-AjNU
008 230605s9999||||xx |||||||||||||| ||und||
017 _a1980/7393
020 _a977-306-246-5
040 _aJO-AjNU
_bara
_erda
_cJO-AjNU
041 _aara
050 1 4 _aPJ7946 1980
100 3 _aإسلام، أحمد مدحت,
_eauthor
_936889
245 0 0 _aرسالة كوكب
264 3 1 _aد.م: دار الفكر العربي، 1980
300 _a279ص
336 _atext
_btxt
_2rdacontent
337 _aunmediated
_bn
_2rdamedia
338 _avolume
_bnc
_2rdacarrier
650 4 _aالأدب العربي
_936890
999 _aA15366
_c18934
_d18934